000 00640nam a22002417a 4500
003 UA-OsUOA
001 127169
007 ta
008 20171121b un ||||| |||| 00| 0 ukr d
100 _aСлапчук В.
090 _a821.161.2
_bС47
942 _cBK
040 _aUA-OsUOA
_bukr
_cUA-OsUOA
_dUA-OsUOA
245 _aСолом'яна стріха Вітчизни
_bпоезії
300 _a176 с.
955 _a3
041 _aukr
080 _a821.161.2
020 _a966-8064-57-7
260 _aЛуцьк
_c2003
650 7 _a82 Література. Літературознавство
_2UDC
999 _c414315
_d414315